00543nam a2200193 a 4500001001300000003000900013005001700022008004100039020001000080082001500090100001800105245007200123260003600195300000900231500003500240505003300275650002300308700001800331nice12345678IN_TiNIC20260116015010.0050524s1997 cola grp 000 0 eng  ac96000a297.1bLEE aLee, Robert D aOvercoming Tradition and Modernityb Searh for Islamic Authenticity aColoradobWest View Pressc1997 a216p aincludes index and biblioraphy2 aSelected Bibliography, Index aIslam-20th Century1 aLee, Robert D